000 00550nam a22001937a 4500
005 20221215100332.0
008 221109b ||||| |||| 00| 0 eng d
040 _cAL
041 _aeng
082 _223
_a328.542
_bLOKL
100 _aLok Sabha Secretariat
_966079
245 _aLok sabha debates:
_bSeventh session Vol 28
260 _aNew Delhi
_bLok Sabha Secretariat
_c1969
300 _a3,300p.
_bHB
_c23x16cm.
440 _961548
_nVol 28
650 _aDebates Parliament
_961549
700 _aLOK SABHA SECRETARIAT
_961550
942 _2ddc
_cGF
999 _c225764
_d225764